000 00971nam a2200325Ia 4500
001 Para_6401
003 CHAP
008 220125s1984 xx 000 0 und d
010 _a205139
040 _cCHAP
090 _aPA FOLLETO 413
100 _aCouch, J.N.
_9171106
245 _aLagenidium giganteum /
_c by J.N. Couch
260 _aToluca, Méx. :
_b UAEM :
_b OMS
300 _a9 p.
440 _aSerie ecología; 14
_9171107
500 _aInformación técnica sobre el agente de control biológico
650 _aControl biológico
_9143296
650 _aHongos fitopatógenos
_956132
650 _aLegenidium giganteum
_9171108
710 _aOrganización Mundial de la Salud
_983555
710 _aUniversidad Autónoma del Estado de México
_9116362
901 _aPA FOLLETO 413
902 _aA
905 _a0000001984 0000000000 00
910 _a1984
942 _cPARA
942 _cPARA
_d1
999 _c205139
_d205139